Normal view
MARC view
- Anwar, Jameel
Entry Personal Name
001 - CONTROL NUMBER
- control field: 99934
003 - CONTROL NUMBER IDENTIFIER
- control field: NUST
005 - DATE AND TIME OF LATEST TRANSACTION
- control field: 20221011153823.0
008 - FIXED-LENGTH DATA ELEMENTS
- fixed length control field: 221011|| aca||aabn | a|a d
040 ## - CATALOGING SOURCE
- Original cataloging agency: NUST
- Transcribing agency: NUST
100 ## - HEADING--PERSONAL NAME
- Personal name: Anwar, Jameel
670 ## - SOURCE DATA FOUND
- Source citation: Work cat.: (NUST)217141: Anwar, Jameel, Chemistry 12, 2014-15
